000 00698nam a2200217 i 4500
001 128254
003 ES-MaACL
005 20230906193219.0
007 t|
008 070627s1995 fr ||||1| fre d
020 _a2-7171-0511-5
080 _a640.442(443.611)
100 1 _aMalki-Thouvenel, Beatrice.
_975784
245 1 0 _aCabarets, cafes et bistrots de Paris
_b: promenade dans les rues et dans les temps /
_cBeatrice Malki-Thouvenel.
260 _aLyon :
_bHorvath,
_c[1995]
300 _a143 p. :
_bil. ;
_c27 cm.
500 _aBiblioteca Jacinto Martínez Lacalle.
504 _aBibliografía: p.140.
650 1 4 _aCafés-
_zParís.
_910662
852 _aES-MaACL
_jE-11761
_bR.139780
999 _c128254
_d128254